000 00910nam0a2200265 4500
001 RU\NLR\bibl\1186806
005 20250615093834.0
010 _a5-9561-0087-7
035 _a(NLR Aleph) 001173381
090 _a1611629
_c1611629
100 _a20080211d2004 |||y0rusy50 ca
101 1 _arus
_ceng
102 _aRU
105 _aa |||||||||
200 1 _aЖивотные
_eживая природа глазами фотографа
_e[фотоальбом]
_fСтив Блум
_g[пер. с англ. И.Д. Голыбиной]
210 _aМосква
_cАрт-Родник
_d2004
215 _a421, [1] с.
_cцв. ил.
_d37
606 1 _aЖивотные
_jФотоальбомы
_91163614
_3RU\NLR\auth\66148196
686 _aЕ6я61
700 1 _aБлум
_bС.
_f1953-
_gСтив
_4070
801 0 _aRU
_bNLR
_c20080211
_gRCR
801 1 _aRU
_bNLR
_c20080211
942 _cBOOK
980 _aNB